| 000 | 00415nam a22001697a 4500 | ||
|---|---|---|---|
| 005 | 20160531162828.0 | ||
| 008 | 160531b xxu||||| |||| 00| 0 eng d | ||
| 020 | _a81-2597363-7 | ||
| 041 | _aeng | ||
| 082 | _b6456 | ||
| 100 |
_aWareer Sudhir _91617 |
||
| 245 | _aKnowledge Management | ||
| 260 |
_aNew Delhi _bVikas Publishing House (P) Ltd. _c2004 |
||
| 300 | _a227 | ||
| 650 |
_aManagement _9241 |
||
| 942 | _cBK | ||
| 999 |
_c2277 _d2276 |
||